L'ancient orient. (Record no. 182064)

MARC details
000 -LEADER
campo de control de longitud fija 00558nam a2200157 i 4500
001 - NÚMERO DE CONTROL
campo de control 182064
003 - IDENTIFICADOR DE NÚMERO DE CONTROL
campo de control ES-MaACL
005 - FECHA Y HORA DE LA ÚLTIMA TRANSACCIÓN
campo de control 20230906221523.0
008 - DATOS DE LONGITUD FIJA--INFORMACIÓN GENERAL
campo de control de longitud fija 130529s1949 be |||| | fre d
100 1# - ENTRADA PRINCIPAL--NOMBRE DE PERSONA
Nombre de persona Severin, Tony.
9 (RLIN) 152814
245 12 - MENCIÓN DEL TÍTULO
Título L'ancient orient.
Número de parte o sección de la obra Fasc.1,
Nombre de parte o sección de la obra L'Egypte /
Mención de responsabilidad, etc. Tony Severin.
260 ## - PUBLICACIÓN, DISTRIBUCIÓN, ETC.
Lugar de publicación, distribución, etc. Liège :
Nombre del editor, distribuidor, etc. H. Dessain,
Fecha de publicación, distribución, etc. 1949.
300 ## - DESCRIPCIÓN FÍSICA
Extensión 50 p., [8] p. de lám. :
Otras características físicas il. ;
Dimensiones 19 cm.
651 #4 - PUNTO DE ACCESO ADICIONAL DE MATERIA--NOMBRE GEOGRÁFICO
Nombre geográfico Egipto-
Subdivisión general Civilización.
9 (RLIN) 8138
852 ## - LOCALIZACIÓN
Ubicación ES-MaACL
Número de control de estantería 2114-F-13
Nota libre .- Donativo de los herederos de la biblioteca de Mª del Pilar Costa Palacín
Holdings
Estatus retirado Estado de pérdida Estado de daño No para préstamo Colección Biblioteca de origen Biblioteca actual Ubicación en estantería Fecha de adquisición Fuente de adquisición Total de préstamos Signatura topográfica completa Código de barras Visto por última vez Precio de reemplazo Tipo de ítem Koha
        Colección de folletos Biblioteca del Ateneo de Madrid Biblioteca del Ateneo de Madrid Depósito folletos 29/05/2013     2114-F-13 1191325 23/02/2023 23/02/2023 Folleto